[Event "TCh-HUN 2010-11"]
[Site "Mako HUN"]
[Date "2010.11.07"]
[Round "2"]
[White "Rigo,Ja"]
[Black "Domany,Z"]
[Result "1/2-1/2"]
[WhiteElo "2313"]
[BlackElo "2192"]

1.e4 c5 2.Nf3 Nc6 3.Bb5 e6 4.c3 Nge7 5.O-O a6 6.Ba4 b5 7.Bc2 c4 8.d3 cxd3
9.Qxd3 Ng6 10.a4 b4 11.c4 Be7 12.Re1 d6 13.Nbd2 Bb7 14.Nf1 Qc7 15.b3 Bf6
16.Ra2 Rd8 17.Bb1 O-O 18.Bb2 Bxb2 19.Rxb2 Nge5 20.Qe3 Nxf3+ 21.Qxf3 Nd4 22.Qd1 e5
23.Re3 Bc8 24.Rg3 f5 25.exf5 Bxf5 26.Ne3 Bxb1 27.Nd5 Qa7 28.Qxb1 a5 29.Qe4 Ne6
30.Rd2 Rf7 31.Ne3 Nd4 32.Ng4 Kh8 33.Rh3 h6 34.Qg6 Nf5 35.Nxe5 Rf6 36.Qh5 Qe7
37.Qxf5 dxe5 38.Qc2 Rxd2 39.Qxd2 Rd6 40.Rd3 Rd4 41.Kf1 Qh4 42.Rxd4 exd4 43.f3 Qxh2
44.Qxd4 Qh1+ 45.Qg1 Qh5 46.Qe3 Qh1+ 47.Kf2 Qa1 48.Qe8+ Kh7 49.Qe4+ Kh8 50.Qc2 Qd4+
51.Kf1 Qa1+ 52.Ke2 Qe5+ 53.Kd1 Qa1+ 54.Qc1 Qa2 55.Qc2 Qa1+ 56.Kd2 Qd4+ 57.Ke1 Qe5+
58.Kf2 Qd4+ 59.Kg3 Qe5+  1/2-1/2

[Event "Russia Cup Final KO"]
[Site "Belgorod RUS"]
[Date "2010.11.08"]
[Round "1.2"]
[White "Dzhumaev,M"]
[Black "Moiseenko,A1"]
[Result "0-1"]
[WhiteElo "2492"]
[BlackElo "2670"]

1.e4 c5 2.Nf3 Nc6 3.Bb5 e6 4.O-O Nge7 5.c3 a6 6.Ba4 b5 7.Bc2 Bb7 8.a4 Ng6
9.Re1 c4 10.axb5 axb5 11.Rxa8 Bxa8 12.d4 cxd3 13.Bxd3 b4 14.e5 Be7 15.Nbd2 O-O
16.Nc4 bxc3 17.bxc3 Na5 18.Nd6 Bxd6 19.exd6 Qf6 20.Ng5 h6 21.Ne4 Bxe4 22.Bxe4 Qxc3
23.Re3 Qa1 24.Ra3 Qe5 25.Qc2 f5 26.Bd3 Nc6 27.Bf1 Rb8 28.Rg3 Kh7 29.Qd1 Rb1
30.Qd2 Nd4 31.Re3 Qxd6 32.h4 e5 33.Rc3 Nxh4 34.Qa2 Rb8 35.Rh3 Qf6 36.Bb2 Ng6
37.Bc3 Nf4 38.Re3 d6 39.g3 Nfe6 40.Qd5 Ng5 41.f4 Ne4 42.Be1 exf4 43.gxf4 Nc2
44.Rxe4 Qg6+ 45.Kh1 fxe4  0-1

[Event "Russia Cup Final KO"]
[Site "Belgorod RUS"]
[Date "2010.11.08"]
[Round "1.2"]
[White "Chernyshov,K"]
[Black "Kryakvin,D"]
[Result "0-1"]
[WhiteElo "2579"]
[BlackElo "2593"]

1.e4 c5 2.Nf3 Nc6 3.Bb5 d6 4.O-O Bd7 5.Re1 Nf6 6.c3 a6 7.Ba4 c4 8.Bc2 Ne5
9.Nxe5 dxe5 10.Qe2 Qc7 11.b3 b5 12.a4 Rc8 13.axb5 axb5 14.Ba3 g6 15.Bb4 Bh6
16.Ra5 O-O 17.bxc4 bxc4 18.Rc5 Qxc5 19.Bxc5 Rxc5 20.d4 cxd3 21.Bxd3 Rfc8
22.g3 Be6 23.h4 Ra5 24.Qb2 Ra2 25.Qb4 Nd7 26.Bb5 Nc5 27.c4 Rxf2 28.Nc3 Nd3
29.Qb1 Rf3 30.Kg2 Nxe1+ 31.Qxe1 Rd3 32.Qa1 Rd2+ 33.Kf3 Bh3 34.g4 Bg2+  0-1

[Event "ch-ISR w Prelim"]
[Site "Haifa ISR"]
[Date "2010.11.11"]
[Round "4.2"]
[White "Atnilov,Be"]
[Black "Vasiliev,Olg"]
[Result "1/2-1/2"]
[WhiteElo "2112"]
[BlackElo "2307"]

1.e4 c5 2.Nf3 Nc6 3.Bb5 d6 4.Bxc6+ bxc6 5.O-O Bg4 6.h3 Bh5 7.c3 e5 8.Na3 Be7
9.Nc2 Nf6 10.d4 exd4 11.g4 Bg6 12.e5 dxe5 13.Nxe5 dxc3 14.Qe2 Qd5 15.Re1 O-O
16.Nxg6 hxg6 17.bxc3 Bd6 18.c4 Qe6 19.Qxe6 fxe6 20.Rxe6 Rfd8 21.Ba3 Kf7 22.Rae1 Nh7
23.Bc1 Rab8 24.R6e3 Nf6 25.Rf3 Kg8 26.Rb3 Rxb3 27.axb3 Kf7 28.Be3 Rb8 29.Ra1 Rxb3
30.Rxa7+ Ke6 31.Rxg7 Rc3 32.Ne1 Rxc4 33.g5 Ne4 34.f3 Ng3 35.Rxg6+ Kd5 36.Rf6 Be5
37.Rf8 Ra4 38.Bf2 Ne2+ 39.Kf1 Nf4 40.Bg3 Rd4 41.Bxf4 Rxf4 42.Rxf4 Bxf4 43.g6 Bh6
44.Ke2 c4 45.Nc2 Ke6 46.Ne3 c3 47.Kd3 Bg7 48.f4 Kf6 49.f5 Kg5 50.Kc2 c5 51.Kd3 Kh4
52.Nd5 c4+ 53.Kc2 Kg5 54.Ne3 Bd4 55.Nxc4 Kxf5 56.Nd6+ Kxg6 57.Ne4  1/2-1/2

[Event "ch-ISR"]
[Site "Haifa ISR"]
[Date "2010.11.11"]
[Round "4.16"]
[White "Aharon,O"]
[Black "Prozhanski,G"]
[Result "1-0"]
[WhiteElo "2264"]
[BlackElo "2342"]

1.e4 c5 2.Nf3 Nc6 3.Bb5 d6 4.d4 cxd4 5.Qxd4 Bd7 6.Bxc6 Bxc6 7.Nc3 Nf6 8.Bg5 e6
9.O-O-O Be7 10.Qd3 O-O 11.Nd4 Qa5 12.f4 Rfe8 13.Kb1 a6 14.h4 Rad8 15.f5 e5
16.Bxf6 Bxf6 17.Nde2 d5 18.exd5 e4 19.Qc4 Bd7 20.Nxe4 Rxe4 21.Qxe4 Re8 22.Qd3 Bb5
23.c4 Qb4 24.Qb3 Qa5 25.Nc3 Bd7 26.g4 b5 27.Rhe1 Rc8 28.c5  1-0

[Event "VI World Blitz"]
[Site "Moscow RUS"]
[Date "2010.11.16"]
[Round "7.9"]
[White "Movsesian,S"]
[Black "Mamedov,Rau"]
[Result "1-0"]
[WhiteElo "2721"]
[BlackElo "2660"]

1.e4 c5 2.Nf3 Nc6 3.Bb5 g6 4.O-O Bg7 5.c3 Nf6 6.Qa4 O-O 7.d4 cxd4 8.cxd4 d6
9.Bxc6 bxc6 10.Qxc6 Bg4 11.Qc2 Bxf3 12.gxf3 Qd7 13.Kg2 Nh5 14.Be3 Bxd4 15.Nc3 Rac8
16.Qd2 Be5 17.Rad1 f5 18.Qd5+ Rf7 19.Qxe5 fxe4 20.Nxe4 Rcf8 21.Ng5 Rf6 22.Qd5+ Kg7
23.Kh1 h6 24.Ne4 Rxf3 25.Rg1 Kh7 26.Rxg6 Kxg6 27.Rg1+ Kh7 28.Qxh5  1-0

[Event "VI World Blitz"]
[Site "Moscow RUS"]
[Date "2010.11.16"]
[Round "13.9"]
[White "Mamedov,Rau"]
[Black "Savchenko,B"]
[Result "1-0"]
[WhiteElo "2660"]
[BlackElo "2632"]

1.e4 c5 2.Nf3 Nc6 3.Bb5 g6 4.c3 Nf6 5.Qe2 Bg7 6.O-O O-O 7.Rd1 d5 8.e5 Nd7
9.d4 a6 10.Ba4 cxd4 11.cxd4 b5 12.Bb3 Nb6 13.Nc3 Bg4 14.h3 Bxf3 15.Qxf3 e6
16.Be3 Rc8 17.Qg3 f6 18.exf6 Bxf6 19.Ne4 dxe4 20.Bxe6+ Kg7 21.Bxc8 Nxc8 22.Rac1 N6e7
23.d5 Nd6 24.Bc5 Nef5 25.Qa3 Be5 26.Qxa6 Nh4 27.Be3 Nc4 28.d6 Rf7 29.Qxb5 Bxb2
30.Rxc4  1-0

[Event "1st Open"]
[Site "Brno CZE"]
[Date "2010.11.17"]
[Round "5"]
[White "Mrva,V"]
[Black "Blahynka,M"]
[Result "1-0"]
[WhiteElo "2128"]
[BlackElo "1951"]

1.e4 c5 2.Nf3 Nc6 3.Bb5 g6 4.O-O Bg7 5.c3 Nf6 6.Re1 O-O 7.d4 cxd4 8.cxd4 d5
9.e5 Ne4 10.Nbd2 Nxd2 11.Bxd2 Qb6 12.Qa4 Bg4 13.Be3 f6 14.exf6 Bxf6 15.Ne5 Bxe5
16.dxe5 d4 17.Bh6 Rfd8 18.Qb3+ e6 19.h3 Na5 20.Qb4 Nc6 21.Qa4 Bf5 22.Bxc6 bxc6
23.g4 Bd3 24.Qa3 Ba6 25.Qe7 Qb7 26.Qxe6+ Qf7 27.Qxf7+ Kxf7 28.e6+ Ke8 29.Rac1 Rac8
30.Rc5 Rd5 31.Rec1 Bb7 32.Rxd5 cxd5 33.Rd1 Rc2 34.Rxd4 Rxb2 35.Ra4 a6 36.Bg5 h6
37.Bxh6 Ke7 38.Bg7 Kxe6 39.Bxb2  1-0

[Event "ch-ISR w Final"]
[Site "Haifa ISR"]
[Date "2010.11.17"]
[Round "2.2"]
[White "Klinova,M"]
[Black "Vasiliev,Olg"]
[Result "1-0"]
[WhiteElo "2295"]
[BlackElo "2307"]

1.e4 c5 2.Nf3 Nc6 3.Bb5 e6 4.O-O Nge7 5.Re1 Ng6 6.c3 Qb6 7.Bf1 Be7 8.d4 O-O
9.d5 Nd8 10.Na3 d6 11.Nc4 Qc7 12.a4 e5 13.Ne3 Nh8 14.Nf5 g6 15.Nxe7+ Qxe7
16.b4 b6 17.a5 Rb8 18.axb6 axb6 19.Bh6 f5 20.Bxf8 Qxf8 21.Ra7 Qf6 22.exf5 gxf5
23.Nd2 Ng6 24.Qf3 Nf7 25.Ne4 Qd8 26.Ng3 Qg5 27.Qh5 Qf6 28.Rea1 Nf4 29.Qd1 Bb7
30.c4 b5 31.Qb1 cxb4 32.Qxb4 h5 33.Qxb5 e4 34.Rxb7 Rf8 35.Raa7 h4 36.Qb2 Qg5
37.Rb8 hxg3 38.Rxf8+ Kxf8 39.hxg3 Ng6 40.Qb8+ Kg7 41.Qxd6 e3 42.Rxf7+ Kxf7
43.Qe6+ Kg7 44.Qxe3 Qxe3 45.fxe3 Ne5 46.Kf2 Kf7 47.Be2 Ke7 48.e4 fxe4 49.Ke3  1-0

[Event "ch-ISR"]
[Site "Haifa ISR"]
[Date "2010.11.18"]
[Round "9.13"]
[White "Krayz,A"]
[Black "Prozhanski,G"]
[Result "0-1"]
[WhiteElo "2339"]
[BlackElo "2342"]

1.e4 c5 2.Nf3 Nc6 3.Bb5 d6 4.O-O Bd7 5.c3 Nf6 6.Re1 a6 7.Ba4 b5 8.Bc2 e5
9.h3 g5 10.d4 g4 11.hxg4 Bxg4 12.dxc5 dxc5 13.a4 b4 14.Nbd2 Rg8 15.Nc4 Qxd1
16.Bxd1 O-O-O 17.Bd2 Kb7 18.Kf1 Nh5 19.g3 Be7 20.Nfxe5 Nxe5 21.Nxe5 Bh3+
22.Ke2 Nxg3+ 23.fxg3 Rxg3 24.Bf4 Rg2+ 25.Ke3 c4 26.Re2 Bc5+ 27.Kf3 Rdg8 28.cxb4 Bd4
29.Rc1 Rg1 30.Rh2 Rf1+ 31.Ke2 Rxf4  0-1

[Event "VI World Blitz"]
[Site "Moscow RUS"]
[Date "2010.11.18"]
[Round "29"]
[White "Movsesian,S"]
[Black "Savchenko,B"]
[Result "1-0"]
[WhiteElo "2721"]
[BlackElo "2632"]

1.e4 c5 2.Nf3 Nc6 3.Bb5 g6 4.Bxc6 bxc6 5.O-O Bg7 6.c3 Nh6 7.d4 cxd4 8.cxd4 O-O
9.Nc3 f6 10.h3 Nf7 11.b3 Qa5 12.Bb2 Ba6 13.Re1 Rab8 14.Qd2 d6 15.Rad1 Rfd8
16.Qc2 e5 17.d5 c5 18.Nd2 Qb4 19.Na4 Bh6 20.Bc3 Qb7 21.Nb2 Qd7 22.Ndc4 f5
23.Na5 f4 24.f3 Rf8 25.Nc6 Rbc8 26.Nc4 Bg5 27.Re2 h5 28.Qb2 Bh4 29.Qa3 Bb5
30.Qa5 Bxc6 31.dxc6 Qxc6 32.Red2 Bd8 33.Qa3 Bc7 34.Rd5 Rfd8 35.Qc1 Ng5 36.Qd2 Ne6
37.Nxd6 Bxd6 38.Rxd6 Rxd6 39.Qxd6 Qxd6 40.Rxd6 Nd4 41.Bxd4  1-0

[Event "TCh-HUN 2010-11"]
[Site "Budapest HUN"]
[Date "2010.11.21"]
[Round "3"]
[White "Fogarasi,T"]
[Black "Kiss,Pa1"]
[Result "1/2-1/2"]
[WhiteElo "2420"]
[BlackElo "2381"]

1.e4 c5 2.Nf3 Nc6 3.Bb5 e6 4.O-O Nge7 5.b3 a6 6.Bxc6 Nxc6 7.Bb2 b5 8.Na3 Bb7
9.c4 b4 10.Nc2 Qc7 11.Re1 e5 12.Ne3 d6 13.Nd5 Qd8 14.a3 bxa3 15.Rxa3 Be7
16.Bc3 O-O 17.d3 g6 18.Nd2 Bg5 19.Nf1 Ra7 20.Nfe3 Bxe3 21.Rxe3 f6 22.Qg4 Bc8
23.Qh4 Be6 24.Re1 Bxd5 25.cxd5 Nb4 26.Bxb4 cxb4 27.Raa1 Qb6 28.Rac1 Rc7 29.Rc4 Rxc4
30.dxc4 a5 31.Qh3 Kg7 32.Qe6  1/2-1/2

[Event "TCh-AUT 2010-11"]
[Site "Graz AUT"]
[Date "2010.11.21"]
[Round "3"]
[White "Hagara,E"]
[Black "Manhardt,T"]
[Result "1-0"]
[WhiteElo "2407"]
[BlackElo "2136"]

1.e4 c5 2.Nf3 Nc6 3.Bb5 e6 4.O-O Nge7 5.b3 a6 6.Bxc6 Nxc6 7.Bb2 b6 8.d3 Bb7
9.Nbd2 Qc7 10.h3 f6 11.c3 O-O-O 12.d4 d6 13.d5 exd5 14.exd5 Ne5 15.c4 Be7
16.Nh4 g5 17.Nf5 Kb8 18.Qc2 h5 19.f4 gxf4 20.Rxf4 Rdg8 21.Raf1 Bc8 22.Kh2 Bf8
23.Ne4 Qd8 24.a3 Rh7 25.Bc3 Rf7 26.Rh4 Rh7 27.Qe2 Rgh8 28.Neg3 Qe8 29.b4 Qg6
30.a4 Qe8 31.a5 b5 32.bxc5 dxc5 33.cxb5 axb5 34.Re1 Ka8 35.Qb2 Bxf5 36.Nxf5 Qd7
37.Bxe5 Qxf5 38.Qxb5 fxe5 39.Rb1 Qc8 40.a6 Bd6 41.Ra4 Ra7 42.Qc4 Rhh7 43.Rb6 Qf8
44.Qb5 Rhc7 45.Rxd6 e4 46.Kg1 e3 47.Re6 Qf2+ 48.Kh2 Rc8 49.Re8 Qf5 50.Qc6+ Kb8
51.Rae4 Rc7 52.a7+ Rxa7 53.Rxc8+ Qxc8 54.Re8  1-0

[Event "16th Asian Games Team Men"]
[Site "Guangzhou CHN"]
[Date "2010.11.21"]
[Round "4"]
[White "Hasan,Me"]
[Black "Jang,Jaewon"]
[Result "1-0"]
[WhiteElo "2267"]
[BlackElo "1638"]

1.e4 c5 2.Nf3 Nc6 3.Bb5 g6 4.Bxc6 bxc6 5.d4 Ba6 6.Nc3 Bg7 7.Be3 Rb8 8.Rb1 Qa5
9.Qd2 e6 10.e5 cxd4 11.Qxd4 Rb7 12.b4 Qd8 13.Ne4 Rc7 14.Nd6+ Kf8 15.Qc5 Ne7
16.Qa5 Bc8 17.Bxa7 Nd5 18.O-O Ba6 19.Bc5 Kg8 20.Qxa6  1-0

[Event "16th Asian Games Team Men"]
[Site "Guangzhou CHN"]
[Date "2010.11.22"]
[Round "5"]
[White "Al Tamimi,H"]
[Black "Abu Sufian,S"]
[Result "1/2-1/2"]
[WhiteElo "2236"]
[BlackElo "2340"]

1.e4 c5 2.Nf3 Nc6 3.Bb5 d6 4.Bxc6+ bxc6 5.O-O Bg4 6.c3 e5 7.h3 Bh5 8.d3 Be7
9.Be3 Nf6 10.Nbd2 O-O 11.Qc2 Bg6 12.Rfe1 Qc7 13.Nh4 d5 14.Nxg6 hxg6 15.d4 exd4
16.cxd4 Nxe4 17.Nxe4 dxe4 18.Qxe4 Bf6 19.Bf4 Qb6 20.Bd6 Rfe8 21.Qxe8+ Rxe8
22.Rxe8+ Kh7 23.Rb8 Qa5 24.Bxc5 a6 25.Rb6 Qd2 26.a4 a5 27.Rf1 Bxd4 28.Bxd4 Qxd4
29.Rxc6 Qxa4 30.Rc3 Qb4 31.Ra3 Qa4 32.Rc3 Qb4 33.Ra3 g5 34.Rfa1 Qxb2 35.Rxa5 f6
36.Ra7 Qd4 37.R7a4 Qc3 38.Rd1 Kg6 39.Raa1 Kh6 40.Rac1 Qb2 41.Rc7 Qe5 42.Rcc1 Qb2
43.Re1 Qd2 44.Rcd1 Qb4 45.Re3 Qc5 46.Red3 Qc2 47.R3d2 Qc3 48.Rd4 Qc2 49.Rf1 Qc3
50.Ra4 Qb3 51.Re4 Qd3 52.Ra4 Kh7 53.Rfa1 Qc3 54.Rd1 Kg6 55.Raa1 Kh6 56.Rac1 Qb2
57.Rc7 Qe5 58.Rcc1 Qb2 59.Re1 Qd2 60.Rcd1 Qb4 61.Re3 Qc5 62.Red3 Qc2 63.R3d2 Qc3
64.Rd4 Qc2 65.Rf1 Qc3 66.Ra4 Qb3 67.Re4 Qd3 68.Ra4 Qb3 69.Rd4 Qc3 70.Rd8 Kg6
71.Rfd1  1/2-1/2

[Event "16th Asian Games Team Men"]
[Site "Guangzhou CHN"]
[Date "2010.11.23"]
[Round "6"]
[White "Al Qudaimi,B"]
[Black "Lee Sanghoon"]
[Result "1-0"]
[WhiteElo "2406"]
[BlackElo "2132"]

1.e4 c5 2.Nf3 Nc6 3.Bb5 g6 4.O-O Bg7 5.Re1 e5 6.Bxc6 dxc6 7.d3 Ne7 8.a4 a5
9.h3 O-O 10.Be3 b6 11.Na3 f6 12.c3 Be6 13.Qc2 Rc8 14.d4 cxd4 15.cxd4 exd4
16.Nxd4 Bf7 17.Red1 Qc7 18.Rac1 Rfd8 19.Nc4 Qb8 20.Ne2 c5 21.Bf4 Qa7 22.Nd6 Ra8
23.Nxf7 Kxf7 24.Qc4+ Ke8 25.Bd6 Qd7 26.Nc3 Qxd6 27.Rxd6 Rxd6 28.Nb5 Rc6 29.Rd1 Rd8
30.Rxd8+ Kxd8 31.Qf7 Bh6 32.Qxh7 Bf4 33.b3 Be5 34.Qf7 f5 35.exf5 gxf5 36.g3 Kd7
37.f4 Bf6 38.h4 Re6 39.h5 Bb2 40.Kg2 Rf6 41.Qg7 Ke6 42.h6 Bd4 43.h7  1-0

[Event "Vasylyshyn Memorial IM"]
[Site "Lviv UKR"]
[Date "2010.11.23"]
[Round "1"]
[White "Tsyhanchuk,S"]
[Black "Meleshko,V"]
[Result "1-0"]
[WhiteElo "2328"]
[BlackElo "2252"]

1.e4 c5 2.Nf3 Nc6 3.Bb5 g6 4.O-O Bg7 5.Bxc6 bxc6 6.Nc3 Nh6 7.d3 O-O 8.Be3 d6
9.h3 f5 10.Qd2 Nf7 11.Ng5 Rb8 12.Rab1 e5 13.Nxf7 Rxf7 14.f4 d5 15.exd5 cxd5
16.Bxc5 d4 17.Ne2 Bb7 18.b4 Qd5 19.Rf2 g5 20.c4 dxc3 21.Nxc3 Qc6 22.fxg5 Rd8
23.Rbf1 Rfd7 24.d4 Rxd4 25.Bxd4 Rxd4 26.Qb2 f4 27.Qb3+ Kh8 28.b5 Qd7 29.Rd1 f3
30.gxf3 Qxh3 31.Rxd4 Qg3+ 32.Kf1 exd4 33.Qe6 Qb8 34.Nd5 Qg8 35.Qxg8+ Kxg8
36.Nf6+ Kf7 37.Ke2 Kg6 38.Ne4 Bxe4 39.fxe4 Kxg5 40.Rf7  1-0

[Event "XXIII Belgrade Trophy"]
[Site "Obrenovac SRB"]
[Date "2010.11.25"]
[Round "2.2"]
[White "Maric,Dr"]
[Black "Nikolov,Mo"]
[Result "0-1"]
[WhiteElo "2261"]
[BlackElo "2565"]

1.e4 c5 2.Nf3 Nc6 3.Bb5 e6 4.O-O Nge7 5.c3 a6 6.Ba4 b5 7.Bc2 Bb7 8.d3 Ng6
9.Re1 Be7 10.a4 b4 11.Nbd2 O-O 12.d4 bxc3 13.bxc3 cxd4 14.cxd4 Nb4 15.Bb1 Qc7
16.Nf1 Rfc8 17.Ne3 a5 18.g3 Bf8 19.h4 Ne7 20.h5 f5 21.d5 Ra6 22.exf5 Nexd5
23.fxe6 Nc3 24.Qb3 dxe6 25.Ng5 h6 26.Nxe6 Qf7 27.Bh7+ Kh8 28.Bf5 Qxh5 29.f3 Qxf3
30.Nf4 Qxg3+ 31.Neg2 Ne2+ 32.Rxe2 Qxb3 33.Bxc8 Bxc8 34.Re8 Qc3 35.Rxf8+ Kh7
36.Rxc8 Qxc8 37.Be3 Qg4 38.Rc1 Rc6 39.Rxc6 Nxc6 40.Kf2 Ne5 41.Ne1 Qd1 42.Kf1 Nf3
43.Nd3 Nxe1 44.Nxe1 Qxa4  0-1

[Event "XXIII Belgrade Trophy"]
[Site "Obrenovac SRB"]
[Date "2010.11.26"]
[Round "3.28"]
[White "Pantelic,Sl"]
[Black "Carnic,S"]
[Result "1/2-1/2"]
[WhiteElo "2153"]
[BlackElo "2347"]

1.e4 c5 2.Nf3 Nc6 3.Bb5 e6 4.Bxc6 bxc6 5.e5 Ne7 6.b3 Ng6 7.O-O Be7 8.Bb2 O-O
9.Na3 f6 10.Nc4 Qc7 11.d3 Ba6 12.Re1 Rf7 13.Qd2 Raf8 14.Nd6 Bxd6 15.exd6 Qxd6
16.Qa5 Bc8 17.Ba3 Qb8 18.Qxc5 Re8 19.Qd6  1/2-1/2

[Event "National Chess Congress"]
[Site "Philadelphia USA"]
[Date "2010.11.26"]
[Round "1"]
[White "Ravichandran,Siddharth"]
[Black "Daly,T"]
[Result "1-0"]
[WhiteElo "2463"]
[BlackElo "2143"]

1.e4 c5 2.Nf3 Nc6 3.Bb5 g6 4.O-O Bg7 5.c3 Nf6 6.Re1 O-O 7.d4 cxd4 8.cxd4 d5
9.e5 Ne4 10.Bxc6 bxc6 11.Nbd2 Nxd2 12.Bxd2 Qb6 13.Qa4 Bg4 14.Ba5 Qb5 15.Qxb5 cxb5
16.Rac1 Rfc8 17.Bc7 a6 18.Rc5 Bh6 19.h3 Bxf3 20.gxf3 Ra7 21.Bb6 Rxc5 22.dxc5 Rb7
23.Rd1 e6 24.Rd3 Bf4 25.Ra3 Bxe5 26.Rxa6 Kg7 27.Ra8 Bxb2 28.Bd8 Be5 29.c6 Rb8
30.Rxb8 Bxb8 31.Kf1 e5 32.Ke2 f6 33.f4 exf4 34.Kd3 Kf7 35.c7 Bxc7 36.Bxc7 g5
37.Kd4 Ke6 38.Kc5 h5 39.Kxb5 Kf5 40.f3 g4 41.hxg4+ hxg4 42.fxg4+ Kxg4 43.Bb6 Kf3
44.Bd4  1-0

[Event "WY U-16 Olympiad"]
[Site "Burdur TUR"]
[Date "2010.11.28"]
[Round "2"]
[White "Artemenko,O"]
[Black "Emiroglu,C"]
[Result "1/2-1/2"]
[WhiteElo "2195"]
[BlackElo "2110"]

1.e4 c5 2.Nf3 Nc6 3.Bb5 g6 4.O-O Bg7 5.Re1 Nf6 6.e5 Nd5 7.Nc3 Nc7 8.Bxc6 dxc6
9.Ne4 Ne6 10.d3 O-O 11.Be3 b6 12.Qd2 a5 13.Bh6 f5 14.exf6 exf6 15.Bxg7 Kxg7
16.Ng3 Ra7 17.Re4 Re8 18.Rae1 Rae7 19.Qc3 Nc7 20.R1e2 Nd5 21.Qe1 Qc7 22.Kf1 h5
23.c4 Rxe4 24.Rxe4 Rxe4 25.dxe4 Nf4 26.e5 f5 27.Qd2 Ne6 28.Ne2 Qd7 29.Qxd7+ Bxd7
30.h4 Bc8 31.Ke1 Ba6 32.Nd2 Nd4 33.Nf4 Kf7 34.b3 Bc8 35.Nf3 Ne6 36.Nd3 Ke7
37.Kd2 Bd7 38.Ke3 Be8 39.Nf4 Nf8 40.Ng5 Bd7 41.Nd3 Be6 42.g3 Bg8 43.Nf4 Kd7
44.Ne2 Ke7 45.Nc3 Kd7 46.Kf4 Be6 47.f3 Kc7 48.g4 fxg4 49.fxg4 Bxg4 50.Ke3 Bf5
51.Nce4 Kd7 52.Nf6+ Ke7 53.Nfe4 Kd7 54.Nf6+ Ke7 55.Nfe4 Kd7  1/2-1/2

[Event "TCh-SVK Extraliga 2010-11"]
[Site "Kosice SVK"]
[Date "2010.11.28"]
[Round "2"]
[White "Pergel,L"]
[Black "Krak,T"]
[Result "0-1"]
[WhiteElo "2270"]
[BlackElo "2233"]

1.e4 c5 2.Nf3 Nc6 3.Bb5 Nf6 4.e5 Nd5 5.O-O Nc7 6.Bxc6 dxc6 7.h3 Rg8 8.d4 g5
9.dxc5 Qxd1 10.Rxd1 g4 11.hxg4 Bxg4 12.Kf1 Bg7 13.Bf4 Ne6 14.Bg3 Nxc5 15.Nc3 h5
16.Rd4 Ne6 17.Rd3 Bf5 18.Rd2 Bh6 19.Re2 Rd8 20.Rd1 Rxd1+ 21.Nxd1 Bf4 22.Ne3 Bxe3
23.Rxe3 Bxc2 24.Rc3 Be4 25.Nd2 Bd5 26.Nc4 h4 27.Bxh4 Rg4  0-1

[Event "XXIII Belgrade Trophy"]
[Site "Obrenovac SRB"]
[Date "2010.11.28"]
[Round "5.71"]
[White "Miladinovic,L"]
[Black "Panic,A"]
[Result "1-0"]
[WhiteElo "2027"]
[BlackElo "1852"]

1.e4 c5 2.Nf3 Nc6 3.Bb5 g6 4.Bxc6 dxc6 5.d3 Bg7 6.Nbd2 Nf6 7.h3 O-O 8.O-O Qc7
9.a4 Rd8 10.Re1 e5 11.Nc4 Nd7 12.a5 Nf8 13.Bg5 f6 14.Be3 Ne6 15.Nh2 Bd7 16.Rf1 Be8
17.Ng4 f5 18.exf5 gxf5 19.Nh6+ Bxh6 20.Bxh6 Kh8 21.Re1 e4 22.Qc1 Bg6 23.dxe4 f4
24.e5 f3 25.c3 fxg2 26.Nd6 c4 27.Qe3 Qe7 28.Ra4 c5 29.Rxc4 Rg8 30.Qf3 Rad8
31.h4 b6 32.h5 Be8 33.Nxe8 Rdxe8 34.Qf6+ Qxf6 35.exf6 Nf4 36.Bg7+ Rxg7 37.fxg7+ Kxg7
38.Rxe8  1-0

[Event "WY U-16 Olympiad"]
[Site "Burdur TUR"]
[Date "2010.11.29"]
[Round "4"]
[White "Atabayev,M"]
[Black "Vakhidov,J"]
[Result "1/2-1/2"]
[WhiteElo "2342"]
[BlackElo "2291"]

1.e4 c5 2.Nf3 Nc6 3.Bb5 g6 4.O-O Bg7 5.Re1 e5 6.c3 Nge7 7.d3 O-O 8.Be3 d6
9.Ba4 b6 10.Nbd2 Bb7 11.Nf1 h6 12.d4 cxd4 13.cxd4 d5 14.Nxe5 dxe4 15.Rc1 Nxe5
16.dxe5 Nf5 17.Bf4 g5 18.Qg4 gxf4 19.Qxf5 Qg5 20.Qxg5 hxg5 21.Nd2 Bxe5 22.Nxe4 Bxe4
23.Rxe4 Bxb2 24.Rd1 Rad8 25.Rxd8 Rxd8 26.h4 gxh4 27.Rxf4 Rd4 28.Rxd4 Bxd4
29.Kf1 Kg7 30.f3 Kf6 31.Ke2 Ke5 32.Kd3 Bc5 33.Bd7 f5 34.Bc8 Kf4 35.Ke2 b5
36.Bd7 b4 37.Bc8 a5 38.Bd7 Bb6 39.Bc6 Kg3 40.Kf1 Bc5 41.Bd7 f4 42.Bc6 Bd4
43.Bd7 Be3 44.Bc6 h3 45.gxh3 Kxh3 46.Ke2 Kh4 47.Kd3 Kg3 48.Ke2 Kh4 49.Kd3  1/2-1/2

[Event "WY U-16 Olympiad"]
[Site "Burdur TUR"]
[Date "2010.11.29"]
[Round "4"]
[White "Prasanna,Ra"]
[Black "Semianiuk,K"]
[Result "1-0"]
[WhiteElo "2400"]
[BlackElo "2030"]

1.e4 c5 2.Nf3 Nc6 3.Bb5 g6 4.Bxc6 bxc6 5.O-O Bg7 6.Re1 e5 7.c3 d6 8.d4 cxd4
9.cxd4 exd4 10.Nxd4 Ne7 11.Bg5 Bb7 12.Nc3 O-O 13.Qd2 Re8 14.Rad1 Qc7 15.Nf3 Rad8
16.Qf4 Rd7 17.Bf6 Nc8 18.h4 Bxf6 19.Qxf6 Qd8 20.Qf4 Qa5 21.e5 d5 22.Ne4 dxe4
23.Rxd7  1-0

[Event "WY U-16 Olympiad"]
[Site "Burdur TUR"]
[Date "2010.11.29"]
[Round "5"]
[White "Semianiuk,K"]
[Black "Neves,P"]
[Result "0-1"]
[WhiteElo "2030"]
[BlackElo "2155"]

1.e4 c5 2.Nf3 Nc6 3.Bb5 g6 4.Bxc6 dxc6 5.d3 Bg7 6.h3 Qc7 7.Nc3 e5 8.Be3 b6
9.O-O Nf6 10.Nd2 Nh5 11.Nc4 O-O 12.Ne2 Be6 13.Qc1 f5 14.exf5 gxf5 15.f3 f4
16.Bf2 Rf6 17.Kh2 Rg6 18.Nd2 Bh6 19.Ne4 Ng3 20.N2c3 Nxf1+ 21.Qxf1 Kh8 22.Qe2 Rag8
23.Rg1 Qe7 24.a3 Bf5 25.Be1 Qe6 26.Bf2 Bf8 27.Qe1 Be7 28.Qe2 Rh6 29.Qf1 Rh5
30.Be1 Rg6 31.Nf2 Rgh6 32.Nce4 Bh4 33.Bc3 Rg6 34.Rh1 Bxf2 35.Nxf2 Rg3 36.b3 Kg8
37.Be1 Rg7 38.Bc3 Rhg5 39.Rg1 h5 40.Bb2 Rg3 41.Bc3 R3g5 42.Bb2 Kh7 43.Bc3 Rg8
44.Qe1 Qg6 45.Qf1 Qg7 46.Kh1 Rg6 47.Kh2 Be6 48.Bb2 Bd5 49.Ne4 Bxe4 50.dxe4 Rd8
51.Bc3 Rgd6 52.Qe2 Qe7 53.Rf1 Kg8 54.Rg1 Kf7 55.Rf1 b5 56.Ba5 R8d7 57.Bc3 a6
58.Rg1 h4 59.Rf1 Ke6 60.Re1 Qg5 61.Kh1 Qg3 62.Rf1 Qg5 63.Re1 Qe7 64.Kg1 Qd8
65.Qf2 Rd1 66.Qxc5 Rxe1+ 67.Bxe1 Rd1 68.Kf2 Qd4+ 69.Qxd4 exd4 70.Ke2 Ra1
71.Bxh4 Rxa3 72.Bg5 Ke5 73.Bd8 Kd6 74.Bg5 Ke5 75.Bd8 c5 76.Bc7+ Ke6 77.Bxf4 c4
78.bxc4 bxc4 79.Bc1 Ra1 80.Bb2 d3+ 81.Kd2 Ra2 82.Bd4 Rxc2+ 83.Kd1 Rxg2 84.f4 Re2
85.f5+ Kd6 86.Bc3 Rxe4 87.f6 Ke6  0-1

[Event "XXIII Belgrade Trophy"]
[Site "Obrenovac SRB"]
[Date "2010.12.02"]
[Round "9.11"]
[White "Barlov,D"]
[Black "Djokic,Nen"]
[Result "1-0"]
[WhiteElo "2467"]
[BlackElo "2365"]

1.e4 c5 2.Nf3 Nc6 3.Bb5 Nf6 4.e5 Nd5 5.Nc3 Nc7 6.Bxc6 dxc6 7.h3 Bf5 8.d3 h6
9.a4 e6 10.Qe2 Be7 11.Ne4 Nd5 12.O-O Qc7 13.Bd2 g5 14.c4 Nf4 15.Bxf4 gxf4
16.Qd2 O-O-O 17.Rfe1 Rd7 18.Rad1 Qd8 19.Qxf4 Rg8 20.Kh1 Bg5 21.Nfxg5 hxg5
22.Qg3 g4 23.Nf6 Rh8 24.Nxg4 Bxd3 25.Nf6 Rd4 26.b3 Bc2 27.Rxd4 cxd4 28.Qf4 Kb8
29.Qd2 Bxb3 30.c5 Bxa4 31.Re4 Bb3 32.Rxd4 Bd5 33.Kg1 b5 34.Rf4 Qc7 35.Qc3 Kb7
36.Rg4 Rc8 37.Nxd5 cxd5  1-0

[Event "60th ch-GRE"]
[Site "Vrahati GRE"]
[Date "2010.12.03"]
[Round "8"]
[White "Kotronias,V"]
[Black "Spiliadis,Athanasios"]
[Result "1-0"]
[WhiteElo "2591"]
[BlackElo "1888"]

1.e4 c5 2.Nf3 Nc6 3.Bb5 Nf6 4.Nc3 Qc7 5.O-O Nd4 6.Re1 Ng4 7.g3 Nxf3+ 8.Qxf3 Ne5
9.Qd1 e6 10.Bf1 Be7 11.d3 a6 12.f4 Nc6 13.e5 d5 14.exd6 Bxd6 15.f5 Nd4 16.Nd5 Qd8
17.fxe6 Bxe6 18.c3 O-O 19.Bg2 Nc6 20.Qh5 Re8 21.Bg5 Be7 22.Rxe6 fxe6 23.Be4 Bxg5
24.Qxh7+ Kf8 25.Rf1+ Bf6 26.Rxf6+ Qxf6 27.Nxf6 gxf6 28.Bg6 Ne5 29.Bh5 Red8
30.d4  1-0

[Event "TCh-CZE 2010-11"]
[Site "Czech Rep CZE"]
[Date "2010.12.04"]
[Round "3.8"]
[White "Kalod,R"]
[Black "Jasny,S"]
[Result "1/2-1/2"]
[WhiteElo "2506"]
[BlackElo "2351"]

1.e4 c5 2.Nf3 Nc6 3.Bb5 g6 4.c3 Nf6 5.Qe2 Bg7 6.O-O O-O 7.Rd1 e5 8.d3 d6
9.a3 Ne8 10.b4 Nc7 11.Bc4 Ne6 12.Be3 Nf4 13.Qd2 Bg4 14.Bxf4 exf4 15.Qxf4 Bxf3
16.Qxf3 Ne5 17.Qg3 cxb4 18.axb4 a5 19.Bb3 axb4 20.Rxa8 Qxa8 21.d4 Nc6 22.d5 Na5
23.cxb4 Nxb3 24.Qxb3 Rc8 25.Nd2 Rc3 26.Qb1 Qa4 27.Nf3 Rb3 28.Qc1 Rxb4 29.Qc8+ Bf8
30.Re1 Rxe4 31.Rxe4 Qxe4 32.Qxb7 Be7 33.h3 Kg7 34.Qc6 Qf4 35.Qc3+ Bf6 36.Qd3 h5
37.g3 Qc1+ 38.Kg2 Qc5 39.Nd2 Qd4 40.Qxd4 Bxd4 41.Ne4 Bc5 42.f4 Bb4 43.Kf3 f5
44.Ng5 Kf6 45.Ne6 Bc3 46.g4 hxg4+ 47.hxg4 Ke7 48.Kg3 Be1+ 49.Kh3 Kf6 50.Ng5 Bd2
51.Kg3 Be1+ 52.Kf3 Bc3 53.Ne6 Ke7 54.Kg2 Bd2 55.g5 Bc1 56.Kf3 Bd2 57.Nd4 Bc3
58.Nb5 Bd2 59.Na3 Bb4 60.Nb5  1/2-1/2